Biographical visitas: sketches of some eminent Indians (Record no. 357231)

000 -LEADER
fixed length control field 00387cam a22001337a 4500
008 - FIXED-LENGTH DATA ELEMENTS--GENERAL INFORMATION
fixed length control field 180718b1968 xxu||||| |||| 00| 0 eng d
082 ## - DEWEY DECIMAL CLASSIFICATION NUMBER
Classification number A98x54 Ai98
100 ## - MAIN ENTRY--PERSONAL NAME
Personal name Aiyar, C.P. Ramaswami
245 ## - TITLE STATEMENT
Title Biographical visitas: sketches of some eminent Indians
Statement of responsibility, etc. by C.P. Ramaswami Aiyar
260 ## - PUBLICATION, DISTRIBUTION, ETC.
Place of publication, distribution, etc. Bombay
Name of publisher, distributor, etc. Asia
Date of publication, distribution, etc. 1968
300 ## - PHYSICAL DESCRIPTION
Extent 292p.
500 ## - GENERAL NOTE
General note Rs.25.00
650 ## - SUBJECT ADDED ENTRY--TOPICAL TERM
Topical term or geographic name entry element India - Biography
Holdings
Withdrawn status Lost status Damaged status Not for loan Permanent Location Current Location Date acquired Full call number Barcode Date last seen Price effective from Koha item type
        Indian Institute of Public Administration Indian Institute of Public Administration 1994-01-12 A98x54 Ai98 41821 2018-07-21 2018-07-21 Book

Powered by Koha